'It's Garry Shandling's Show' Theme Song Quiz Stats

 Plays Quiz Updated Mar 24, 2016

Challenge
Share
Tweet
Embed
Score 0/96 Timer 05:00
0 Plays Today
% Correct
the
98.3%
The
98.3%
and
98.3%
the
98.3%
the
98.3%
The
98.3%
the
98.3%
the
98.3%
the
98.3%
the
98.3%
we'll
97.9%
I
96%
I
96%
show.
93.6%
show.
93.6%
show?
93.6%
show.
93.6%
show.
93.6%
Show.' (whistle break)
93.6%
Show.
93.6%
Garry
90.5%
Garry
90.5%
Garry
90.5%
is
88.4%
is
88.4%
is
88.4%
to
85%
to
85%
to
85%
to
85%
to
85%
to
85%
% Correct
to
85%
to
85%
This
84.5%
This
84.5%
This
84.5%
This
84.5%
it
82.8%
Shandling's
82.2%
Shandling's
82.2%
theme
75.2%
theme
75.2%
theme
75.2%
theme
75.2%
theme
75.2%
theme
75.2%
theme
75.2%
you
72%
you
72%
you
72%
you
72%
so
71.4%
Garry's
67.6%
Garry's
67.6%
Garry's
67.6%
Garry's
67.6%
Garry's
67.6%
'It's
67.2%
song.
65%
if
63.7%
me
63.2%
do
62.4%
do
62.4%
% Correct
as
61.9%
was
59.9%
his
59.2%
would
54.9%
like
54.2%
like
54.2%
write
54%
up
53.6%
How
53.4%
How
53.4%
where
53.2%
asked
52.4%
called
51%
that
50.5%
watch
47.6%
watch
47.6%
of
46.4%
far?
46.1%
start
45.6%
opening
44.7%
part
43.9%
We're
43%
whistle.
42.5%
hear
42.2%
almost
42%
almost
42%
credits.
41%
Then
40.4%
I'm
38.1%
music
38.1%
halfway
36.6%
finished.
34.1%

You're not logged in!

Compare scores with friends on all Sporcle quizzes.
Join for Free
OR
Log In

You Might Also Like...

Show Comments

Extras

Top Quizzes Today


Score Distribution

Your Account Isn't Verified!

In order to create a playlist on Sporcle, you need to verify the email address you used during registration. Go to your Sporcle Settings to finish the process.

Report this User

Report this user for behavior that violates our Community Guidelines.

Details: